000
00299nam a22001457a 4500
008
210222b ||||| |||| 00| 0 eng d
020
_a
008325698
041
_a
eng
080
_2
004
_a
004
082
_a
004
100
_a
33.1
101
_a
SHKI
245
_a
Java 2
_c
Kotler, P
942
_2
udc
_c
BK
999
_c
55094
_d
55094